000 00307nam a22001337a 4500
003 OSt
008 240731b |||||||| |||| 00| 0 eng d
082 _a330.1410954
_bA17A
100 _aAcharya,S.S.
245 _aAgriculture Marketing in India
260 _aOxford
_c2004
300 _a506
942 _2ddc
_cBK
999 _c42935
_d42935